| 000 | 00705nac a22001931u 4500 | ||
|---|---|---|---|
| 020 | _a8176631736 | ||
| 082 |
_a658.1508 _bS5313 |
||
| 090 |
_c1095 _d1095 |
||
| 100 | _aSharma, R.K. | ||
| 245 |
_aFinancial management and management accounting / _cR.K.Sharma, Shashi Gupta. |
||
| 250 | _a1st ed. | ||
| 260 |
_aNew Delhi : _bKalyani publishers, _c1999. |
||
| 300 |
_a1 v. (various pagings) : _bDiagrams, _c24 cm. |
||
| 650 |
_aCorporations _xFinance. |
||
| 650 | _aAccounting. | ||
| 700 | _aGupta, Shashi. | ||
| 942 |
_cBB _k658.1508S5313 |
||
| 999 |
_c1095 _d1095 |
||